000 00318nam a2200121Ia 4500
008 220217s9999||||xx |||||||||||||| ||und||
082 _a823 JAG
100 _aJagadathmananda, Swami
245 0 _aLearn to live vol-1
260 _aSri Ramakrishna Ashrama
_bMysore
_c2002
300 _b40
650 _aGENERAL BOOKS
999 _c172961
_d172961